| 000 | 05987namaa22004331i 4500 | ||
|---|---|---|---|
| 003 | EG-GICUC | ||
| 005 | 20260120113232.0 | ||
| 008 | 260108s2025 ua a|||frm||| 000 0 eng d | ||
| 040 |
_aEG-GICUC _beng _cEG-GICUC _dEG-GICUC _erda |
||
| 041 | 0 |
_aeng _beng _bara |
|
| 049 | _aDeposit | ||
| 082 | 0 | 4 | _a320 |
| 092 |
_a320 _221 |
||
| 097 | _aM.Sc | ||
| 099 | _aCai01.03.04.M.Sc.2025.Me.D | ||
| 100 | 0 |
_aMennatullah Adel Ahmed Moussa Omar, _epreparation. |
|
| 245 | 1 | 0 |
_aDeterminants of the renewal of conflicts between regional powers : _bA case study of the conflict between algeria and morocco / _cby Mennatullah Adel Ahmed Moussa Omar ; Supervisor Prof. Dr. Mahmoud Ismail, Dr. Osama Saleh. |
| 246 | 1 | 5 |
_aمحددات تجدد الصراعات بين القوى الإقليمية : _bدراسة حالة الصراع بين الجزائر والمغرب / |
| 264 | 0 | _c2025. | |
| 300 |
_a110 pages : _billustrations ; _c25 cm. + _eCD. |
||
| 336 |
_atext _2rda content |
||
| 337 |
_aUnmediated _2rdamedia |
||
| 338 |
_avolume _2rdacarrier |
||
| 502 | _aThesis (M.Sc)-Cairo University, 2025. | ||
| 504 | _aBibliography: pages 102-110. | ||
| 520 | 3 | _aThis thesis examines the fluctuating nature of Algerian-Moroccan relations, focusing on the persistent rivalry that has shaped the political, security, and diplomatic dynamics of the Maghreb. Central to the study is the concept of the "pendulum effect," which describes the cyclical pattern of tension and rapprochement between the two nations. The research identifies key events, including including the Syrian refugee crisis, the Libyan conflict, the War on Terrorism, and the ongoing Western Sahara dispute, as pivotal sources of enduring discord. It also explores how domestic politics, regional ambitions, and differing foreign policy orientations have perpetuated competition, obstructing efforts at regional integration such as the Arab Maghreb Union. Through qualitative analysis and a review of diplomatic discourse, the thesis reveals how both countries have utilized regional conflicts and global alignments to assert influence, often at the expense of cooperation. Additionally, recent developments, such as Algeria’s support for the Polisario Front and Morocco’s normalization of relations with Israel, are analyzed to illustrate how they have exacerbated tensions, deepening rather than resolving the rivalry. The thesis argues that the Algeria-Morocco relationship exemplifies broader trends in North African geopolitics, where historical grievances, identity politics, and external alliances continuously shape the strategic calculations of both states. The study concludes that meaningful reconciliation is unlikely without structural changes in governance and a reframing of national interests beyond zero-sum competition. | |
| 520 | 3 | _aتتناول هذه الأطروحة الطبيعة المتغيرة للعلاقات الجزائرية المغربية، وتدرس التنافس المستمر الذي ميّز المشهد السياسي والأمني والدبلوماسي في المغرب العربي. ويستكشف البحث في جوهره مفهوم "التأثير التذبذبي"في العلاقات الثنائية، والذي يشير إلى دورة التوتر والتقارب المتكررة بين البلدين. وتُسلّط الدراسة الضوء على الأحداث الرئيسية التي أجّجت هذا التنافس، مثل النزاع المستمر حول الصحراء الغربية، ومشكلة الهجرة، والأزمة الليبية، والتي عمّقت كل منها العداء بين البلدين. كما تستكشف كيف ساهمت السياسة الداخلية، والطموحات الإقليمية، واختلاف السياسات الخارجية في ترسيخ التنافس، مما أعاق جهود التعاون الإقليمي، مثل اتحاد المغرب العربي. ومن خلال تحليل نوعي ونظرة فاحصة على المناقشات الدبلوماسية، تُبرز الأطروحة كيف استغلت كل من الجزائر والمغرب الصراعات الإقليمية والتحالفات العالمية استراتيجيًا لتأكيد نفوذهما، غالبًا على حساب التعاون. تتناول الرسالة كذلك كيف أعادت الأحداث الأخيرة، كتطبيع المغرب للعلاقات مع إسرائيل، إشعال التوترات، مما يشير إلى أن التنافس يزداد حدةً بدلاً من أن يهدأ. وفي نهاية المطاف، تجادل الرسالة بأن العلاقة بين الجزائر والمغرب تعكس اتجاهًا أوسع في الجغرافيا السياسية لشمال أفريقيا، حيث تُعيد المظالم التاريخية والهويات الوطنية والتحالفات الخارجية تشكيل استراتيجيات كلا البلدين باستمرار. وتقدم الخاتمة تقييمًا جادًا: يبدو أن المصالحة الحقيقية غير محتملة دون تغييرات جذرية في الحكم وتحول في المصالح الوطنية يبتعد عن نهج المحصلة الصفرية. | |
| 530 | _aIssues also as CD. | ||
| 546 | _aText in English and abstract in Arabic & English. | ||
| 650 | 0 | _aPolitical science | |
| 650 | 0 | _aالعلوم السياسية | |
| 653 | 1 |
_aPendular _arivalry _aWestern Sahara _aNorth Africa _aالتنافس _aالجزائر والمغرب |
|
| 700 | 0 |
_aMahmoud Ismail _ethesis advisor. |
|
| 700 | 0 |
_aOsama Saleh _ethesis advisor. |
|
| 900 |
_b01-01-2025 _cMahmoud Ismail _cOsama Saleh _UCairo University _FFaculty of Economics and Political Science _DDepartment of Political Science |
||
| 905 |
_aShimaa _eEman Ghareb |
||
| 942 |
_2ddc _cTH _e21 _n0 |
||
| 999 | _c177523 | ||